000
00290nam a22001337a 4500
008
170815b xxu||||| |||| 00| 0 eng d
020
_a
0024038911
041
_a
eng
080
_a
51
100
_a
36
101
_a
mat
245
_a
A COURSE IN SIMULATION
_c
ROSS.SH.M
942
_2
udc
_c
BK
999
_c
23536
_d
23536